| 000 | 00657nam a2200217Ia 4500 | ||
|---|---|---|---|
| 005 | 20250508162816.0 | ||
| 008 | 008 250505s9999 xx 000 0 eng d | ||
| 020 | _a0-87692-117-9 | ||
| 037 | _aTextual | ||
| 040 |
_aFEDL _beng _cFEDL |
||
| 041 |
_aeng _2eng |
||
| 084 |
_a301, INK _qFEDL |
||
| 100 | _aInkeles Alex | ||
| 245 | 0 | _aWhat is sociology? : An introduction to the discipline and profession | |
| 260 |
_aNew Delhi, India _bPrentice - Hall of India Private Limited _c1991 |
||
| 300 | _aviii,120p. | ||
| 490 | _aFoundations of modern socilogy | ||
| 650 | _aSociology | ||
| 942 |
_cTEXL _h301, INK |
||
| 999 |
_c1378827 _d1378827 |
||